Supreme Court Justice or New York Yankee? Quiz Stats

Quiz Updated Nov 9, 2012

Also try: Bible or Quran?
Challenge
Share
Tweet
Enter "J" for Justices and "Y" for Yankees.
Score 0/24 Timer 04:00
1 Play Today
Name Justice or Yankee? % Correct
Donald A. Mattingly???
90%
David Justice???
89.5%
Nicholas Johnson Swisher???
87.7%
George Ruth???
87.1%
John Marshall???
86.6%
Scott Kamieniecki???
79%
Phillip Hughes???
78.9%
J.P. Stevens???
76.6%
Russell Earl Dent???
68.8%
Stephen Johnson Field???
67.4%
Felix Frankfurter???
66.5%
Owen Roberts???
64.6%
Name Justice or Yankee? % Correct
Tony Kennedy???
63.1%
Roy Hilton White???
62.6%
James Wilson???
61.7%
Harold Hitz Burton???
61.5%
Hensley Meulens???
58.9%
Ben Cardozo???
57.4%
Aaron Judge???
55.4%
Bob Porterfield???
54.6%
Fred Vinson???
54.2%
Byron 'Whizzer' White???
54%
Philip Barbour???
52.6%
Patrick Edward Dobson Jr.???
51.7%

You're not logged in!

Compare scores with friends on all Sporcle quizzes.
Join for Free
OR
Log In

You Might Also Like...

Show Comments

Extras

Top Quizzes Today


Score Distribution

Your Account Isn't Verified!

In order to create a playlist on Sporcle, you need to verify the email address you used during registration. Go to your Sporcle Settings to finish the process.

Report this User

Report this user for behavior that violates our Community Guidelines.

Details: